000
00309 a2200145 4500
001
167314
020
_a
040
_c
Magnum
100
_a
Fazolo, Eliane (Org.)
240
1
0
_a
Educacao infantil em curso
_l
por
245
1
0
_a
Educacao infantil em curso
362
0
_a
1899
697
_a
ENSINO
942
_c
BK
999
_c
167314
_d
167314